BMI quarterly cost briefing (Record no. 104150)

MARC details
000 -LEADER
fixed length control field 00877cam a2200241 4500
001 - CONTROL NUMBER
control field L129351
008 - FIXED-LENGTH DATA ELEMENTS--GENERAL INFORMATION
fixed length control field 000000n2005 000 0 eng u
022 ## - INTERNATIONAL STANDARD SERIAL NUMBER
International Standard Serial Number 0952-4053
035 ## - SYSTEM CONTROL NUMBER
System control number (Sirsi) u129351
041 ## - LANGUAGE CODE
Language code of text/sound track or separate title eng
050 ## - LIBRARY OF CONGRESS CALL NUMBER
Classification number 690.24
-- 18
110 ## - MAIN ENTRY--CORPORATE NAME
Corporate name or jurisdiction name as entry element Building Maintenance Information
9 (RLIN) 3229
245 ## - TITLE STATEMENT
Title BMI quarterly cost briefing
Remainder of title building maintenance costs
260 ## - PUBLICATION, DISTRIBUTION, ETC.
Place of publication, distribution, etc. London
Name of publisher, distributor, etc. RICS
Date of publication, distribution, etc. 2005
300 ## - PHYSICAL DESCRIPTION
Extent 32p.
Other physical details 30cm.
490 ## - SERIES STATEMENT
Series statement BMI Quarterly Cost Briefing
Volume/sequential designation 340
490 #0 - SERIES STATEMENT
Series statement BMI Quarterly Cost Briefing
Volume/sequential designation 342
490 #0 - SERIES STATEMENT
Series statement BMI Quarterly Cost Briefing
Volume/sequential designation 344
490 #0 - SERIES STATEMENT
Series statement BMI Quarterly Cost Briefing
Volume/sequential designation 346
520 ## - SUMMARY, ETC.
Summary, etc. This item is part of a subscription service and cannot be photocopied. Neither can any part of it be read over the phone. Please contact BMI direct on t +44 (0)20 7695 1500 for details.
690 ## - LOCAL SUBJECT ADDED ENTRY--TOPICAL TERM (OCLC, RLIN)
Topical term or geographic name as entry element Refurbishment
9 (RLIN) 6264
942 ## - ADDED ENTRY ELEMENTS (KOHA)
Suppress in OPAC 0
Holdings
Withdrawn status Lost status Source of classification or shelving scheme Damaged status Not for loan Home library Current library Shelving location Date acquired Total Checkouts Full call number Barcode Date last seen Copy number Price effective from Koha item type
    Dewey Decimal Classification     London London BCIS/BMI publications 13/04/2005   ENQUIRY DESK ISS 88 MAR 2005 30070696 06/08/2019 1 06/08/2019 Reference material
    Dewey Decimal Classification     London London BCIS/BMI publications 15/05/2007   ENQUIRY DESK ISS 89 JUN 2005 30072265 06/08/2019 1 06/08/2019 Reference material
    Dewey Decimal Classification     London London BCIS/BMI publications 15/05/2007   ENQUIRY DESK ISS 90 SEP 2005 30072261 06/08/2019 1 06/08/2019 Reference material
    Dewey Decimal Classification     London London BCIS/BMI publications 15/05/2007   ENQUIRY DESK ISS 91 DEC 2005 30072257 06/08/2019 1 06/08/2019 Reference material